| 000 | 00472nam a22001817a 4500 | ||
|---|---|---|---|
| 003 | CO-ViMGA | ||
| 008 | 151204b xxu||||| |||| 00| 0 eng d | ||
| 020 | _a9788426133618 | ||
| 040 |
_aCO-ViMGA _bspa _cCO-ViMGA |
||
| 082 | 0 | 4 |
_aI _bw25s |
| 100 | 1 |
_aWells,robert E _92 |
|
| 245 | 1 | 0 |
_a¿Sabes contarhasta un googol? _bRobert e. Wells |
| 250 | _a1era ed. | ||
| 260 |
_aBarcelona _bJuventud _c2004 |
||
| 300 | _a(36) p. | ||
| 650 | 1 | 4 |
_aLibro infantil _9449 |
| 942 |
_2ddc _cBK |
||
| 999 |
_c33655 _d33655 |
||